| 000 | 01194nam a2200313Ia 4500 | ||
|---|---|---|---|
| 001 | B4458 | ||
| 003 | IT-RoPAU | ||
| 008 | 130308s9999 xx 000 0 und d | ||
| 040 | _aIT-RoPAU | ||
| 040 | _cIT-RoPAU | ||
| 041 | _aINGLESE | ||
| 100 | _aMattelart Armand | ||
| 100 | _gCodice Aut. SPICS: 4009 | ||
| 245 | _aOn New Uses of Media in Time of Crisis | ||
| 245 | _bMedia, crisis And Democracy-Mass Communication And The Disruption Of Social Order | ||
| 250 | _a1a ed. | ||
| 260 | _aLONDON | ||
| 260 | _bSage Publications B.H. | ||
| 260 | _c1992 [1° Ed.:1992 - Ed.Ling.Originale:1992] | ||
| 300 | _a"19 p. (prefazione: no ; testo: 19 [pagine: 162-180])" | ||
| 500 | _aNuovi Usi dei Media in Tempo di Crisi. Fine dell'Eroe. Dalla Strategia Alla Tattica. Dalla Crisi rivoluzionaria al Marketing Umanitario. Scompiglio dei Democratici. sicurezza Come Uscita Dalla Crisi? Umanitarismo Come Uscitadalla Crisi? Amministrazione Permanente della Crisi. Professionalizzazionedell'Anticrisi. | ||
| 650 | _aSOCIOLOGIA | ||
| 650 | _eCodice materia Spics: 3651 | ||
| 700 | _aMattelart Michele | ||
| 700 | _gCodice Aut. SPICS: 4008 | ||
| 942 | _cBK | ||
| 957 | _71 | ||
| 999 |
_c79067 _d79067 |
||
| 999 | _g1 | ||